00543nam a2200193 a 4500001001300000003000900013005001700022008004100039020001000080082001500090100001800105245008100123260004400204300000700248500003500255505002000290650002100310700001800331nice12345678IN_TiNIC20260116013828.0050524s1971 kena grp 000 0 eng  ac10000a306.4bCEC aCecil, Robert aCultural Imperialismb the Text of a Lecture Delivered Under the Aegis of Th aKentbInst. for Cultural Researchc1971 a7p aincludes index and biblioraphy2 aGlossary, Index aCulture Conflict1 aCecil, Robert